FAO yearbook. FAO annuaire. Engrais. Fertilizer =
Saved in:
| New Title: | FAO statistical yearbook FAO yearbook. Trade FAO yearbook. Production FAO bulletin of statistics |
|---|---|
| Previous Title: | Food and Agriculture Organization of the United Nations. FAO fertilizer yearbook |
| Corporate Author: | |
| Format: | Serial |
| Language: | English French Spanish |
| Published: |
Rome :
Food and Agriculture Organization of the United Nations,
1988-2004.
|
| Series: | FAO statistics series
|
| Subjects: |
| LEADER | 02331cas a2200553 a 4500 | ||
|---|---|---|---|
| 001 | c000262979 | ||
| 003 | CARM | ||
| 005 | 20070620130207.0 | ||
| 008 | 890609d19872004it ar s i0 0eng d | ||
| 010 | |a 90649820 |z sn 90022113 | ||
| 019 | 1 | |a 13752868 |z 7140644 |5 LACONCORD2021 | |
| 022 | |a 1014-7675 |y 0251-1525 | ||
| 035 | |a (OCoLC)19839086 |5 LACONCORD2021 | ||
| 040 | |a UkBaU |b eng |c UkBaU |d MH |d NST |d DLC |d DNAL |d NST |d MCM |d MiU |d N |d InU |d MH |d LC |d SSL | ||
| 041 | 0 | |a eng |a fre |a spa | |
| 042 | |a lc | ||
| 050 | 0 | 0 | |a HD9483.A1 |b F65 |
| 070 | 0 | |a HD9483.F6 | |
| 072 | 0 | |a E100 | |
| 072 | 0 | |a J500 | |
| 072 | 0 | |a E100 | |
| 082 | 0 | 0 | |a 338.4/766862/04 |2 20 |
| 245 | 0 | 0 | |a FAO yearbook. |p Fertilizer = |b FAO annuaire. Engrais. |
| 246 | 3 | 0 | |a Fertilizer |
| 246 | 3 | 0 | |a Engrais |
| 246 | 3 | 1 | |a FAO annuaire. |p Engrais |
| 246 | 1 | 5 | |a FAO fertilizer yearbook |
| 246 | 2 | |a Food and Agriculture Organization of the United Nations yearbook. |p Fertilizer | |
| 260 | |a Rome : |b Food and Agriculture Organization of the United Nations, |c 1988-2004. | ||
| 300 | |a v. ; |c 29 cm. | ||
| 310 | |a Annual | ||
| 362 | 0 | |a Vol. 37 (1987)-v. 53 (2003). | |
| 490 | 1 | |a FAO statistics series | |
| 546 | |a English, French, and Spanish. | ||
| 580 | |a Merged with: FAO bulletin of statistics, FAO yearbook. Production, and: FAO yearbook. Trade, to form: FAO statistical yearbook. | ||
| 650 | 0 | |a Fertilizer industry |v Statistics |v Periodicals. | |
| 710 | 2 | |a Food and Agriculture Organization of the United Nations. | |
| 780 | 0 | 0 | |a Food and Agriculture Organization of the United Nations. |t FAO fertilizer yearbook |x 0251-1525 |w (DLC) 80642911 |w (OCoLC)5711744 |
| 785 | 1 | 7 | |t FAO statistical yearbook |w (DLC) 2005234186 |w (OCoLC)60444783 |
| 785 | 1 | 7 | |t FAO yearbook. Trade |w (DLC) 90645416 |w (OCoLC)19797935 |
| 785 | 1 | 7 | |t FAO yearbook. Production |w (DLC) 90649821 |w (OCoLC)19298751 |
| 785 | 1 | 7 | |t FAO bulletin of statistics |w (DLC) 2001235252 |w (OCoLC)45794954 |
| 785 | 0 | 4 | |t FAO statistical yearbook |x 1812-0571 |
| 830 | 0 | |a FAO statistics series | |
| 852 | 8 | |b CARM |h A1:AO02E0 |i F02216 |p 0377261 |f SE | |
| 866 | 0 | |a 37(1987)-46(1996) | |
| 866 | 0 | |a 37(1987)-46(1996) | |
| 999 | f | f | |i 0d0cba7e-44f6-5965-8f9c-2d53c3b80de8 |s 3ddc4c70-6c1c-5bee-afad-9afa26e074d0 |
| 952 | f | f | |p Can circulate |a CAVAL |b CAVAL |c CAVAL |d CARM 1 Store |e F02216 |f A1:AO02E0 |h Other scheme |i book |k 37(1987)-46(1996) |m 0377261 |